000 00313nam a22001457a 4500
008 210301b ||||| |||| 00| 0 eng d
020 _a9780815108078
041 _aeng
080 _a61
082 _a61
100 _a3
101 _aSHM
245 _aThe Clinical Encounter
_cBillings, J. A
942 _2udc
_cBK
999 _c55410
_d55410